000 01861nam0a2200337 4500
001 RU\NLR\bibl\1870891
005 20250616190331.0
021 _aRU
_b2012-5190
_9374
035 _a(NLR Aleph) 001860735
090 _a2527824
_c2527824
100 _a20120216d2011 |||y0rusy50 ca
101 0 _arus
_aeng
102 _aRU
105 _aa |||||||||
200 1 _aДеловой английский язык. Корреспонденция и переговоры по телефону.
_dBusiness English. Correspondence and telephone talks
_eучебно-методическое пособие
_fЛ.В. Макарова, Т.Г. Хвингия
_gФедер. гос. образоват. учреждение высш. проф. образования "Морская гос. акад. им. адм. Ф.Ф. Ушакова"
_zeng
210 _aНовороссийск
_cМорская государственная академия
_d2011
215 _a68 с.
_cил.
_d21
320 _aБиблиогр.: с. 68 (10 назв.)
510 0 _aBusiness English. Correspondence and telephone talks
_zeng
606 1 _aАнглийский язык
_xУчебные издания для специалистов по перевозкам
_92532203
_3RU\NLR\auth\661499812
606 1 _aАнглийский язык
_xУчебные издания для специалистов по транспорту
_92590407
_3RU\NLR\auth\661530868
606 1 _aАнглийский язык
_xУчебные издания для экономистов
_92396228
_3RU\NLR\auth\661428668
686 _aШ143.21-93рус328.76
686 _aШ143.21-93рус329.3
700 1 _aМакарова
_bЛ. В.
_4070
701 1 _aХвингия
_bТ. Г.
_4070
801 0 _aRU
_bNLR
_c20120216
_gRCR
801 1 _aRU
_bNLR
_c20120216
942 _cBOOK
980 _aNB